| 000 | 01144nam a22002777a 4500 | ||
|---|---|---|---|
| 005 | 20101206113148.0 | ||
| 008 | 101206t xxu||||| |||| 00| 0 hin d | ||
| 010 | _aHIN-93261 | ||
| 020 |
_c400.00 _a8181871545 |
||
| 035 | _aHN-65607 | ||
| 037 | _bDBAD/PUB | ||
| 040 |
_aDPL _bHN |
||
| 082 | _a920 | ||
| 100 |
_924598 _aजोशी, राजेंद्र |
||
| 245 |
_aना काहू से बैरः _cराजेंद्र जोशी _bदिग्विजय सिंह- एक ज़मीनी शख्सियत / |
||
| 246 |
_anaa kaahoo se bair _bby Rajendra Joshi |
||
| 260 |
_aदिल्ली _bआलेख प्रकाशन _c2011 |
||
| 270 |
_bदिल्ली _aवी-8, नवीन शाहदरा _e110032 |
||
| 300 |
_a192पृ. _c22सेमी (सजिल्द) _bसचित्र |
||
| 650 | _91169 | ||
| 650 | _929580 | ||
| 700 | _924599 | ||
| 700 | _924924 | ||
| 942 |
_2ddc _cHN _mजोशीरा _h920 |
||
| 999 |
_c54012 _d54012 |
||